[Event "TUR-chT"]
[Site "Denizli"]
[Date "2013.07.10"]
[Round "13.6"]
[White "Yuksel, Atilla Koksal"]
[Black "Serin, Sarper"]
[Result "1/2-1/2"]
[WhiteElo "2001"]
[BlackElo "1749"]
[PlyCount "90"]
[EventDate "2013.06.29"]
[EventType "team-tourn"]
[EventRounds "13"]
[EventCountry "TUR"]
[SourceTitle "CBM 155 Extra"]
[Source "ChessBase"]
[SourceDate "2013.08.26"]
[SourceVersion "1"]
[SourceVersionDate "2013.08.26"]
[SourceQuality "1"]
[WhiteTeam "Ankara Demirspor"]
[BlackTeam "Ceyhan Belediye"]
[WhiteTeamCountry "TUR"]
[BlackTeamCountry "TUR"]

1. e4 d6 2. d4 g6 3. Nc3 Bg7 4. h3 a6 5. a4 b6 6. Nf3 Nf6 7. Bf4 Bb7 8. Bd3 c5 9. dxc5 dxc5 10. 0-0 0-0 11. e5 Nd5 12. Nxd5 Bxd5 13. Qe2 Nc6 14. c3 Bxf3 15. Qxf3 Nxe5 16. Bxe5 Bxe5 17. Qe2 Qc7 18. Bxa6 Rad8 19. Rad1 Bf6 20. Rxd8 Rxd8 21. Rd1 Rxd1+ 22. Qxd1 Qd6 23. Qxd6 exd6 24. Bc4 Bg5 25. Kf1 Bc1 26. b4 cxb4 27. cxb4 Bd2 28. a5 bxa5 29. b5 d5 30. Bxd5 Kf8 31. b6 Ke7 32. Ke2 Bb4 33. Kd3 Bc5 34. b7 Bd6 35. Bb3 f6 36. Kc4 Kd7 37. Kb5 Kc7 38. Bd5 Bb4 39. Ka6 Kb8 40. Kb6 Be1 41. f3 f5 42. f4 Bd2 43. g3 h6 44. Bf7 g5 45. Be6 gxf4 1/2-1/2

[Event "TUR-chT"]
[Site "Denizli"]
[Date "2013.07.07"]
[Round "10.6"]
[White "Serin, Sarper"]
[Black "Guner, Sati Emre"]
[Result "1-0"]
[WhiteElo "1749"]
[BlackElo "2071"]
[PlyCount "103"]
[EventDate "2013.06.29"]
[EventType "team-tourn"]
[EventRounds "13"]
[EventCountry "TUR"]
[SourceTitle "CBM 155 Extra"]
[Source "ChessBase"]
[SourceDate "2013.08.26"]
[SourceVersion "1"]
[SourceVersionDate "2013.08.26"]
[SourceQuality "1"]
[WhiteTeam "Ceyhan Belediye"]
[BlackTeam "Aliaga Genclik"]
[WhiteTeamCountry "TUR"]
[BlackTeamCountry "TUR"]

1. d4 d5 2. Nc3 Nf6 3. Bg5 Nbd7 4. Nf3 h6 5. Bh4 c5 6. dxc5 Qa5 7. Bxf6 Nxf6 8. Qd4 Bd7 9. a3 e6 10. b4 Qc7 11. e4 Nxe4 12. Nxe4 dxe4 13. Qxe4 Be7 14. Rd1 Bf6 15. Qd3 0-0-0 16. Be2 Bc6 17. Qb3 Rxd1+ 18. Bxd1 Qf4 19. 0-0 Bb5 20. Re1 Rd8 21. Be2 Bxe2 22. Rxe2 Rd1+ 23. Re1 Qc1 24. Kf1 Bg5 25. Ke2 Rxe1+ 26. Nxe1 Qd2+ 27. Kf1 Qd1 28. Qf3 Qc1 29. Qxf7 Qxa3 30. Qxe6+ Kc7 31. Qe5+ Kc8 32. Qe6+ Kc7 33. Qd6+ Kc8 34. Qf8+ Bd8 35. Qf5+ Kc7 36. Qe5+ Kc8 37. Nd3 Bf6 38. Qe6+ Kc7 39. b5 Qc3 40. Qd6+ Kc8 41. Qe6+ Kd8 42. Qb3 Qd2 43. g3 Ke7 44. Qc4 Qc3 45. Qe4+ Kf8 46. Qxb7 Qxc2 47. Qd7 Kg8 48. Qd5+ Kh7 49. c6 Qc3 50. Kg2 Bd4 51. Nc5 Qb2 52. Qf5+ 1-0

[Event "TUR-chT"]
[Site "Denizli"]
[Date "2013.07.06"]
[Round "9.6"]
[White "Yurtseven, Melih"]
[Black "Serin, Sarper"]
[Result "1/2-1/2"]
[WhiteElo "2166"]
[BlackElo "1749"]
[PlyCount "144"]
[EventDate "2013.06.29"]
[EventType "team-tourn"]
[EventRounds "13"]
[EventCountry "TUR"]
[SourceTitle "CBM 155 Extra"]
[Source "ChessBase"]
[SourceDate "2013.08.26"]
[SourceVersion "1"]
[SourceVersionDate "2013.08.26"]
[SourceQuality "1"]
[WhiteTeam "Calli Spor"]
[BlackTeam "Ceyhan Belediye"]
[WhiteTeamCountry "TUR"]
[BlackTeamCountry "TUR"]

1. d4 d5 2. Bf4 Bf5 3. e3 e6 4. c4 c6 5. Nc3 Nf6 6. Qb3 Qb6 7. c5 Qxb3 8. axb3 Nfd7 9. b4 e5 10. dxe5 Be6 11. Nf3 Be7 12. Bd3 0-0 13. Nd4 a5 14. Ke2 Na6 15. Bxa6 Rxa6 16. bxa5 Bxc5 17. Ra4 b5 18. axb6 Rxb6 19. Ra2 Rfb8 20. Na4 Ra6 21. Rha1 Bf8 22. Nc3 Rab6 23. Na4 Ra6 24. Nc3 Rab6 25. Nd1 c5 26. Nxe6 fxe6 27. Ra7 R8b7 28. Bg3 c4 29. Rxb7 Rxb7 30. f4 Nc5 31. Be1 Nb3 32. Ra8 Nc1+ 33. Kf3 Kf7 34. Ra4 Nd3 35. Bc3 Nc5 36. Ra2 Be7 37. g3 Nd3 38. Nf2 Nb4 39. Bxb4 Rxb4 40. Nd1 Bc5 41. h3 h5 42. g4 hxg4+ 43. hxg4 g6 44. Nc3 Rb3 45. Ke2 d4 46. exd4 Bxd4 47. g5 Bxc3 48. bxc3 Rxc3 49. Ra4 Rc2+ 50. Ke3 c3 51. Kd3 Rc1 52. Rc4 Ke7 53. Rc7+ Ke8 54. Rc8+ Ke7 55. Rc7+ Ke8 56. Rg7 c2 57. Rxg6 Rf1 58. Kxc2 Rxf4 59. Kd3 Ke7 60. Rf6 Rg4 61. g6 Rg1 62. Rf7+ Ke8 63. Rf6 Ke7 64. Rf7+ Ke8 65. Kd4 Rxg6 66. Rh7 Rg5 67. Ra7 Rf5 68. Rb7 Kd8 69. Rg7 Ke8 70. Ra7 Kd8 71. Kc5 Rxe5+ 72. Kd6 Rd5+ 1/2-1/2

[Event "TUR-chT"]
[Site "Denizli"]
[Date "2013.06.30"]
[Round "2.7"]
[White "Serin, Sarper"]
[Black "Arat, Ufuk Sezen"]
[Result "0-1"]
[WhiteElo "1749"]
[BlackElo "2185"]
[PlyCount "66"]
[EventDate "2013.06.29"]
[EventType "team-tourn"]
[EventRounds "13"]
[EventCountry "TUR"]
[SourceTitle "CBM 155 Extra"]
[Source "ChessBase"]
[SourceDate "2013.08.26"]
[SourceVersion "1"]
[SourceVersionDate "2013.08.26"]
[SourceQuality "1"]
[WhiteTeam "Ceyhan Belediye"]
[BlackTeam "Pera Spor"]
[WhiteTeamCountry "TUR"]
[BlackTeamCountry "TUR"]

1. d4 Nf6 2. Nc3 d6 3. e4 g6 4. f4 Bg7 5. e5 Nfd7 6. Bc4 Nb6 7. Bb3 Nc6 8. Nf3 0-0 9. 0-0 Na5 10. Ne4 Nxb3 11. axb3 f6 12. exf6 exf6 13. Ng3 f5 14. c4 a5 15. Bd2 a4 16. Bc3 Be6 17. Ng5 Bd7 18. bxa4 h6 19. Qb3 hxg5 20. c5+ Kh7 21. cxb6 gxf4 22. bxc7 Qg5 23. Ne2 f3 24. Rxf3 f4 25. Bd2 Bc6 26. Rg3 Qe7 27. Rh3+ Bh6 28. Nxf4 Qe4 29. d5 Bxa4 30. Qxb7 Kg8 31. Bc3 Qxf4 32. Rf3 Bc6 33. Qxc6 Qe3+ 0-1

[Event "TUR-chT2"]
[Site "Konya"]
[Date "2011.07.09"]
[Round "8"]
[White "Serin, Sarper"]
[Black "Yaran, Siar"]
[Result "1/2-1/2"]
[WhiteElo "1745"]
[BlackElo "1746"]
[PlyCount "27"]
[EventDate "2011.07.04"]
[EventType "team-swiss"]
[EventRounds "9"]
[EventCountry "TUR"]
[SourceTitle "CBM 143 Extra"]
[Source "ChessBase"]
[SourceDate "2011.08.29"]
[SourceVersion "1"]
[SourceVersionDate "2011.08.29"]
[SourceQuality "1"]
[WhiteTeam "Adana Ceyhan Belediye"]
[BlackTeam "Istanbul Moda"]
[WhiteTeamCountry "TUR"]
[BlackTeamCountry "TUR"]

1. e4 e6 2. d4 d5 3. exd5 exd5 4. Bd3 Bd6 5. Nf3 Nf6 6. 0-0 0-0 7. h3 h6 8. Nc3 c6 9. Ne2 Re8 10. Bf4 Qc7 11. Bxd6 Qxd6 12. c3 Be6 13. Ng3 Nbd7 14. Re1 1/2-1/2

[Event "TUR-chT2"]
[Site "Konya"]
[Date "2011.07.08"]
[Round "7"]
[White "Tekeli, Taylan Can"]
[Black "Serin, Sarper"]
[Result "1/2-1/2"]
[WhiteElo "1901"]
[BlackElo "1745"]
[PlyCount "64"]
[EventDate "2011.07.04"]
[EventType "team-swiss"]
[EventRounds "9"]
[EventCountry "TUR"]
[SourceTitle "CBM 143 Extra"]
[Source "ChessBase"]
[SourceDate "2011.08.29"]
[SourceVersion "1"]
[SourceVersionDate "2011.08.29"]
[SourceQuality "1"]
[WhiteTeam "Antalya Calli"]
[BlackTeam "Adana Ceyhan Belediye"]
[WhiteTeamCountry "TUR"]
[BlackTeamCountry "TUR"]

1. d4 d5 2. c4 e6 3. Nf3 c6 4. Nc3 Nf6 5. Bg5 Be7 6. e3 a6 7. cxd5 Nxd5 8. Bxe7 Qxe7 9. Bd3 Nd7 10. Rc1 Nxc3 11. Rxc3 e5 12. Nxe5 Nxe5 13. dxe5 Qxe5 14. Qc2 h6 15. Rc5 Qf6 16. 0-0 0-0 17. b4 Rd8 18. a4 Be6 19. Bh7+ Kh8 20. Be4 Rd7 21. Qe2 Bb3 22. Bc2 Qb2 23. Qg4 Rad8 24. Bxb3 Qxb3 25. Re5 Qxa4 26. Re8+ Rxe8 27. Qxd7 Rf8 28. Qxb7 Rd8 29. g3 Kg8 30. Qc7 Rd1 31. Qc8+ Kh7 32. Qf5+ Kg8 1/2-1/2

[Event "TUR-chT2"]
[Site "Konya"]
[Date "2011.07.05"]
[Round "2"]
[White "Uysal, Burak"]
[Black "Serin, Sarper"]
[Result "1-0"]
[WhiteElo "1805"]
[BlackElo "1745"]
[PlyCount "79"]
[EventDate "2011.07.04"]
[EventType "team-swiss"]
[EventRounds "9"]
[EventCountry "TUR"]
[SourceTitle "CBM 143 Extra"]
[Source "ChessBase"]
[SourceDate "2011.08.29"]
[SourceVersion "1"]
[SourceVersionDate "2011.08.29"]
[SourceQuality "1"]
[WhiteTeam "Istanbul Dobruca"]
[BlackTeam "Adana Ceyhan Belediye"]
[WhiteTeamCountry "TUR"]
[BlackTeamCountry "TUR"]

1. e4 e5 2. Nf3 Nc6 3. Bb5 a6 4. Ba4 Nf6 5. 0-0 b5 6. Bb3 Nxe4 7. d4 d5 8. dxe5 Be6 9. Nbd2 Nc5 10. c3 Be7 11. Bc2 Qd7 12. Nb3 Ne4 13. Qe2 Bf5 14. Nbd4 Bg6 15. e6 fxe6 16. Nxc6 Qxc6 17. Ne5 Qd6 18. Bf4 0-0 19. Nxg6 Rxf4 20. Nxf4 Qxf4 21. Bxe4 dxe4 22. Rae1 Bd6 23. g3 Qf5 24. Qxe4 Qxe4 25. Rxe4 Kf7 26. f4 Rd8 27. Rfe1 Re8 28. Kg2 Kf6 29. Kf3 Bc5 30. g4 Bd6 31. h4 Kf7 32. h5 a5 33. g5 b4 34. c4 g6 35. h6 a4 36. b3 a3 37. Rd4 Rd8 38. c5 Be7 39. Rxd8 Bxd8 40. Rd1 1-0

[Event "TUR-chT"]
[Site "Konya"]
[Date "2010.07.07"]
[Round "11"]
[White "Inkaya, Mustafa"]
[Black "Serin, Sarper"]
[Result "1-0"]
[WhiteElo "1911"]
[BlackElo "1719"]
[PlyCount "95"]
[EventDate "2010.06.29"]
[EventType "team-tourn"]
[EventRounds "13"]
[EventCountry "TUR"]
[SourceTitle "CBM 137 Extra"]
[Source "ChessBase"]
[SourceDate "2010.09.01"]
[SourceVersion "1"]
[SourceVersionDate "2010.09.01"]
[SourceQuality "1"]

1. Nf3 g6 2. g3 Bg7 3. Bg2 f5 4. d4 Nf6 5. c4 d6 6. 0-0 0-0 7. Nc3 Nc6 8. d5 Ne5 9. Qb3 Nf7 10. Rd1 Rb8 11. Nd4 Re8 12. Nc6 bxc6 13. Qxb8 a6 14. dxc6 e5 15. Nd5 Nxd5 16. Bxd5 Qe7 17. Qa7 g5 18. c5 Be6 19. Bxe6 Qxe6 20. Qxc7 d5 21. Qd7 d4 22. Rd3 Nd8 23. Bxg5 Nxc6 24. Qxe6+ Rxe6 25. Rb3 Bf8 26. Rc1 e4 27. Rb6 a5 28. a3 a4 29. Bf4 d3 30. exd3 exd3 31. Be3 Kf7 32. Rd1 Ne5 33. Rxe6 Kxe6 34. f4 Nc4 35. Rxd3 Nxb2 36. Rd8 Be7 37. Ra8 Nc4 38. Bf2 Nxa3 39. Rxa4 Nb5 40. Ra6+ Kd5 41. Rh6 Bxc5 42. Bxc5 Kxc5 43. Rxh7 Kd6 44. h4 Ke6 45. Rh6+ Kf7 46. Kg2 Nc3 47. Kf3 Nd5 48. g4 1-0

[Event "TUR-chT"]
[Site "Konya"]
[Date "2010.07.01"]
[Round "4"]
[White "Temizkan, Denizcan"]
[Black "Serin, Sarper"]
[Result "1/2-1/2"]
[WhiteElo "1814"]
[BlackElo "1719"]
[PlyCount "107"]
[EventDate "2010.06.29"]
[EventType "team-tourn"]
[EventRounds "13"]
[EventCountry "TUR"]
[SourceTitle "CBM 137 Extra"]
[Source "ChessBase"]
[SourceDate "2010.09.01"]
[SourceVersion "1"]
[SourceVersionDate "2010.09.01"]
[SourceQuality "1"]

1. d4 d5 2. c4 c6 3. Nf3 Nf6 4. Nc3 e6 5. Bg5 Be7 6. e3 0-0 7. Bd3 dxc4 8. Bxc4 Nbd7 9. 0-0 Qc7 10. Rc1 Nb6 11. Bd3 Nbd5 12. Qe2 Re8 13. Rfd1 a6 14. Bh4 Bd6 15. a3 Nd7 16. Bb1 Nxc3 17. Rxc3 e5 18. h3 e4 19. Nd2 f5 20. Qh5 g6 21. Ba2+ Kg7 22. Qe2 Nb6 23. Nc4 Nxc4 24. Bxc4 Qd7 25. d5 c5 26. Rcc1 b6 27. Qc2 Bb7 28. Qc3+ Be5 29. Qd2 Qd6 30. Be2 h6 31. f4 exf3 32. Bxf3 Kh7 33. Rc2 Rac8 34. Kh1 c4 35. e4 fxe4 36. Bxe4 Bxb2 37. Qe2 Bxa3 38. Rxc4 Qe5 39. Rxc8 Bxc8 40. Bxg6+ Kxg6 41. Qd3+ Qe4 42. Qg3+ Kh7 43. Qc7+ Be7 44. Bxe7 Qxe7 45. Qc2+ Kh8 46. Qg6 Rd8 47. Qxh6+ Kg8 48. Qxb6 Rd6 49. Qf2 Rg6 50. Re1 Qf7 51. Qh4 Qf8 52. Qh5 Qf7 53. Qh4 Qf8 54. Qh5 1/2-1/2

[Event "TUR-chT"]
[Site "Konya"]
[Date "2010.06.30"]
[Round "2"]
[White "Firat, Burak"]
[Black "Serin, Sarper"]
[Result "1-0"]
[WhiteElo "2403"]
[BlackElo "1719"]
[PlyCount "59"]
[EventDate "2010.06.29"]
[EventType "team-tourn"]
[EventRounds "13"]
[EventCountry "TUR"]
[SourceTitle "CBM 137 Extra"]
[Source "ChessBase"]
[SourceDate "2010.09.01"]
[SourceVersion "1"]
[SourceVersionDate "2010.09.01"]
[SourceQuality "1"]

1. e4 e5 2. Nf3 Nc6 3. Bb5 a6 4. Ba4 Nf6 5. 0-0 Nxe4 6. d4 b5 7. Bb3 d5 8. dxe5 Be6 9. Nbd2 Nc5 10. c3 d4 11. Bxe6 Nxe6 12. cxd4 Ncxd4 13. Nxd4 Nxd4 14. Nb3 Nxb3 15. Qxb3 Bc5 16. Qg3 Qd7 17. Qxg7 0-0-0 18. Qf6 Qe6 19. Bg5 Rde8 20. Qf3 Kb8 21. a4 b4 22. Rac1 Qb6 23. Qd5 Rhg8 24. e6 f6 25. Bf4 Rg4 26. Bxc7+ Qxc7 27. Rxc5 Qb7 28. Re1 Re7 29. Rc6 Rg5 30. Qd6+ 1-0